000
00352nam a2200133Ia 4500
008
151001s9999||||xx |||||||||||||| ||und||
100
_a
प्र द मराठे
245
_a
चंद्रे वेचिले चांदणे
250
_a
1
260
_b
वरदा बुक्स
260
_c
1975
300
_a
119
365
_b
18
999
_c
959094
_d
959091